Dos discursos y un prólogo autobiográfico
Gardado en:
| Autor Principal: | |
|---|---|
| Formato: | Libro |
| Idioma: | Lingua castelá |
| Publicado: |
Barcelona
Herder
1967
|
| Edición: | 1a. ed |
| Subjects: | |
| Tags: |
Engadir etiqueta
Sen Etiquetas, Sexa o primeiro en etiquetar este rexistro!
|
MARC
| LEADER | 00000cam a2200000 a 4500 | ||
|---|---|---|---|
| 001 | UCE8200 | ||
| 003 | CL-VaPUC | ||
| 008 | 150728e19670000sp |||||||||||||||||spa|d | ||
| 082 | 0 | 4 | |a 142 |b MAR |2 21 |
| 100 | |a Marcel, Gabriel |e autor |9 334886 | ||
| 245 | 1 | 0 | |a Dos discursos y un prólogo autobiográfico |
| 250 | |a 1a. ed | ||
| 300 | |a 72 p | ||
| 942 | |c BK | ||
| 945 | |d 20150728 02:04:00 |a gsalatino | ||
| 260 | |a Barcelona |b Herder |c 1967 | ||
| 650 | 0 | |a Filosofía |9 223554 | |
| 650 | 0 | |a Verdad |9 313815 | |
| 650 | 0 | |a Existencialismo |9 265698 | |
| 583 | |a last modification |c 20150728 02:04:00 |k Rodrigo Vera | ||
| 999 | |c 360139 |d 360137 | ||
| 952 | |0 0 |1 0 |3 erb |4 0 |6 142_000000000000000_MAR_1967 |7 0 |8 A |9 469783 |a BIBEDU |b BIBEDU |e Villagrán Garnham, Jorge |i 518729K |o 142 MAR 1967 |p 518729K |r 2019-11-23 |w 2019-11-23 |y BK |z Catalogado en:20150728 |k FIL | ||